MARC details
| 000 -CABECERA |
| campo de control de longitud fija |
02988nam a2200469 a 4500 |
| 003 - IDENTIFICADOR DEL NÚMERO DE CONTROL |
| campo de control |
CHAP |
| 005 - FECHA Y HORA DE LA ÚLTIMA TRANSACCIÓN |
| campo de control |
20241014113426.0 |
| 007 - CAMPO FIJO DE DESCRIPCIÓN FÍSICA--INFORMACIÓN GENERAL |
| campo de control de longitud fija |
cr ||||||a|c|a |
| 008 - DATOS DE LONGITUD FIJA--INFORMACIÓN GENERAL |
| campo de control de longitud fija |
101124s2010 mx r 00010 spa d |
| 035 ## - NÚMERO DE CONTROL DEL SISTEMA |
| Número de control de sistema |
111597 |
| 040 ## - FUENTE DE LA CATALOGACIÓN |
| Centro/agencia transcriptor |
CHAP |
| 090 ## - LOCALMENTE ASIGNADO TIPO-LC NÚMERO DE CLASIFICACIÓN (OCLC); NÚMERO DE CLASIFICACIÓN LOCAL (RLIN) |
| Número de clasificación (OCLC) (R) ; Numero de clasificación, CALL (RLIN) (NR) |
Tesis |
| 100 1# - ENTRADA PRINCIPAL--NOMBRE DE PERSONA |
| Nombre de persona |
Valle Mendoza, Juan Carlos |
| 9 (RLIN) |
117599 |
| 245 10 - MENCIÓN DE TÍTULO |
| Título |
Acumulación de biomasa, crecimiento y extracción nutrimental en pimiento morrón (Capsicum annuum) |
| Mención de responsabilidad, etc. |
/por Juan Carlos Valle Mendoza; director de tesis Rogelio Castro Brindis. |
| 264 #1 - PRODUCCIÓN, PUBLICACIÓN, DISTRIBUCIÓN, FABRICACIÓN Y COPYRIGHT |
| Producción, publicación, distribución, fabricación y copyright |
Chapingo, Méx. : |
| Nombre del de productor, editor, distribuidor, fabricante |
El autor, |
| Fecha de producción, publicación, distribución, fabricación o copyright |
2010. |
| 300 ## - DESCRIPCIÓN FÍSICA |
| Extensión |
1 recurso en línea (106 páginas). |
| Dimensiones |
cuadros, figuras. |
| 336 ## - TIPO DE CONTENIDO |
| Fuente |
rdacontent |
| Término de tipo de contenido |
texto |
| Código de tipo de contenido |
txt |
| 337 ## - TIPO DE MEDIO |
| Fuente |
rdamedia |
| Nombre/término del tipo de medio |
computadora |
| Código del tipo de medio |
c |
| 338 ## - TIPO DE SOPORTE |
| Fuente |
rdacarrier |
| Nombre/término del tipo de soporte |
recursos en línea |
| Código del tipo de soporte |
cr |
| 502 ## - NOTA DE TESIS |
| Tipo de título |
Maestría en Ciencias en Horticultura |
| Nombre de la institución que otorga el título |
Departamento de Enseñanza, Investigación y Servicio en Fitotecnia, |
| Año de obtención del título |
2010. |
| Información miscelánea |
Maestría |
| 520 ## - SUMARIO, ETC. |
| Sumario, etc. |
En la presente investigación se realizó análisis de crecimiento durante dos estratos de producción del cultivo pimiento morrón en cuatro soluciones nutritivas (25, 75, 125 y 175 %) bajo condiciones de invernadero. Se obtuvieron las tasas de crecimiento del cultivo, así como el contenido y tasa de absorción de N, P, K, Ca y Mg en las etapas: bifurcación del tallo principal, floración, amarre y crecimiento de fruto y madurez comercial. Las plantas en la solución nutritiva a 75 %, presentaron mejores características en: tasa absoluta de crecimiento (2.6859 g dia-1), tasa relativa de crecimiento (0.0369 g∙g-1dia-1), tasa de asimilación neta (0.3729 g∙m2·dia-1) y razón de área foliar (92.1959 cm2∙g-1) e índice de cosecha (0.65). La extracción nutrimental en cada etapa fenológica fue: 0.0633, 0.1716, 0.4066 y 3.55 g∙planta-1 de N; 0.0053, 0.0069, 0.0192 y 0.3152 g∙planta-1 de P; 0.0121, 0.2954, 0.6030 y 3.848 g∙planta-1 de K, 0.0053, 0.0372, 0.0797 y 0.7798 g∙planta-1 de Ca y 0.0328, 0.0232, 0.0792 y 0.5879 g∙planta-1 de Mg. La demanda nutrimental de N, P, K, Ca y Mg; para producir una tonelada de frutos amarillos de pimiento morrón manejado a dos estratos de producción fue: 2.4, 0.2, 2.3, 0.5 y 0.4 Kg, respectivamente. |
| 650 14 - PUNTO DE ACCESO ADICIONAL DE MATERIA--TÉRMINO DE MATERIA |
| Término de materia o nombre geográfico como elemento de entrada |
Biomasa. |
| 9 (RLIN) |
12825 |
| 650 14 - PUNTO DE ACCESO ADICIONAL DE MATERIA--TÉRMINO DE MATERIA |
| Término de materia o nombre geográfico como elemento de entrada |
Capsicum annum. |
| 9 (RLIN) |
18733 |
| 650 14 - PUNTO DE ACCESO ADICIONAL DE MATERIA--TÉRMINO DE MATERIA |
| Término de materia o nombre geográfico como elemento de entrada |
Chile pimiento |
| Subdivisión general |
Crecimiento. |
| 9 (RLIN) |
22475 |
| 650 14 - PUNTO DE ACCESO ADICIONAL DE MATERIA--TÉRMINO DE MATERIA |
| Término de materia o nombre geográfico como elemento de entrada |
Ciclo biológico. |
| 9 (RLIN) |
23050 |
| 650 14 - PUNTO DE ACCESO ADICIONAL DE MATERIA--TÉRMINO DE MATERIA |
| Término de materia o nombre geográfico como elemento de entrada |
Extractos vegetales. |
| 9 (RLIN) |
39214 |
| 700 1# - PUNTO DE ACCESO ADICIONAL--NOMBRE DE PERSONA |
| Nombre de persona |
Castro Brindis, Rogelio |
| 9 (RLIN) |
20333 |
| Término indicativo de función/relación |
Director de tesis. |
| 856 ## - LOCALIZACIÓN Y ACCESO ELECTRÓNICOS |
| Identificador Uniforme del Recurso |
http://10.13.5.2/tesis/111597.pdf |
| Nota pública |
DESCARGAR PDF |
| 942 ## - ELEMENTOS DE PUNTO DE ACCESO ADICIONAL (KOHA) |
| Tipo de ítem Koha |
Tesis digital |
| Fuente del sistema de clasificación o colocación |
Clasificación Universidad Aurónoma Chapingo |
| 590 ## - NOTA LOCAL (RLIN) |
| Nota local |
ALEPH |
| Procedencia (VM) [OBSOLETO] |
10 |
| Condición del los carretes individuales (VM) [OBSOLETO] |
20130110 |
| 590 ## - NOTA LOCAL (RLIN) |
| Nota local |
BATCH-UPD |
| Procedencia (VM) [OBSOLETO] |
10 |
| Condición del los carretes individuales (VM) [OBSOLETO] |
20130110 |
| 590 ## - NOTA LOCAL (RLIN) |
| Nota local |
BATCH-UPD |
| Procedencia (VM) [OBSOLETO] |
10 |
| Condición del los carretes individuales (VM) [OBSOLETO] |
20130410 |
| 590 ## - NOTA LOCAL (RLIN) |
| Nota local |
BATCH-UPD |
| Procedencia (VM) [OBSOLETO] |
10 |
| Condición del los carretes individuales (VM) [OBSOLETO] |
20130914 |
| 590 ## - NOTA LOCAL (RLIN) |
| Nota local |
BATCH-UPD |
| Procedencia (VM) [OBSOLETO] |
10 |
| Condición del los carretes individuales (VM) [OBSOLETO] |
20140324 |
| 590 ## - NOTA LOCAL (RLIN) |
| Nota local |
BATCH-UPD |
| Procedencia (VM) [OBSOLETO] |
10 |
| Condición del los carretes individuales (VM) [OBSOLETO] |
20141002 |
| 590 ## - NOTA LOCAL (RLIN) |
| Nota local |
CONVERSION |
| Procedencia (VM) [OBSOLETO] |
10 |
| Condición del los carretes individuales (VM) [OBSOLETO] |
20130109 |
| 901 ## - ELEMENTOS DE DATOS A LOCAL LDA (RLIN) |
| a |
BK |
| 949 ## - PROCESAMIENTO DE INFORMACIÓN LOCAL (OCLC) |
| a |
Tesis |
| b |
BC |
| c |
TES |
| d |
33724002223108 |
| e |
TS1 |
| g |
DonaciØn |
| h |
51510 |
| i |
111597 |
| s |
b |
| 949 ## - PROCESAMIENTO DE INFORMACIÓN LOCAL (OCLC) |
| a |
Tesis |
| b |
BC |
| c |
TES |
| d |
33724002223149 |
| e |
TS2 |
| f |
c.2 |
| g |
DonaciØn |
| h |
51511 |
| i |
111597 |
| s |
b |